书目信息 |
| 题名: |
50类常见违纪违法行为认定与处理
|
|
| 作者: | 本书编写组编写 | |
| 分册: | ||
| 出版信息: | 北京 中国方正出版社 2020 |
|
| 页数: | 260页 | |
| 开本: | 21cm | |
| 丛书名: | 新时代纪法实务丛书 | |
| 单 册: | ||
| 中图分类: | D924.305 | |
| 科图分类: | ||
| 主题词: | 国家机关工作人员--Guo Jia Ji Guan Gong Zuo Ren Yuan--职务犯罪--案例--中国 | |
| 电子资源: | ||
| ISBN: | 978-7-5174-0870-3 | |
| 000 | 01038nam0 2200241 450 | |
| 001 | 012024000110 | |
| 005 | 20241025215708.0 | |
| 010 | @a978-7-5174-0870-3@dCNY25.00 | |
| 100 | @a20241025d2020 em y0chiy50 ea | |
| 101 | 0 | @achi |
| 102 | @aCN@b110000 | |
| 105 | @ay z 000yy | |
| 106 | @ar | |
| 200 | 1 | @a50类常见违纪违法行为认定与处理@A50 Lei Chang Jian Wei Ji Wei Fa Xing Wei Ren Ding Yu Chu Li@f本书编写组编写 |
| 210 | @a北京@c中国方正出版社@d2020 | |
| 215 | @a260页@d21cm | |
| 225 | 2 | @a新时代纪法实务丛书@AXin Shi Dai Ji Fa Shi Wu Cong Shu |
| 330 | @a本书聚焦审查调查、案件审理工作中的新情况新问题,精选违纪违法行为典型案例50个,逐项解析违纪违法行为定性处理分歧意见,详细阐述定性处理依据,明确解答执纪执法适用疑点难点问题,具有较强的针对性、实用性,是纪检监察干部准确把握案件定性处理的参考指导。 | |
| 410 | 0 | @12001 @a新时代纪法实务丛书 |
| 606 | 0 | @a国家机关工作人员@AGuo Jia Ji Guan Gong Zuo Ren Yuan@x职务犯罪@x案例@y中国 |
| 690 | @aD924.305@v5 | |
| 801 | 0 | @aCN@bAHXH@c20241025 |
| 905 | @b214158445@f1@dD924.305@e1030 | |
| 50类常见违纪违法行为认定与处理/本书编写组编写.-北京:中国方正出版社,2020 |
| 260页;21cm.-(新时代纪法实务丛书) |
| ISBN 978-7-5174-0870-3:CNY25.00 |
| 本书聚焦审查调查、案件审理工作中的新情况新问题,精选违纪违法行为典型案例50个,逐项解析违纪违法行为定性处理分歧意见,详细阐述定性处理依据,明确解答执纪执法适用疑点难点问题,具有较强的针对性、实用性,是纪检监察干部准确把握案件定性处理的参考指导。 |
| ● |
| 相关链接 |
|
|
|
|
正题名:50类常见违纪违法行为认定与处理
索取号:D924.305/1030
 
预约/预借
| 序号 | 登录号 | 条形码 | 馆藏地/架位号 | 状态 | 备注 |
| 1 | 1415844 | 214158445 | 第一样本阅览室/ [索取号:D924.305/1030] | 在馆 |